Programa de diversificación para 3º de la ESO : el diseño de un jardín
Saved in:
| Main Author: | |
|---|---|
| Format: | Book |
| Language: | Spanish |
| Published: |
Madrid :
Comunidad de Madrid, Consejería de Educación,
1999
|
| Textbook Catalogue: | MANES: Library Catalog Search Result |
| Textbook Classification: | |
| Series: | Materiales curriculares. Serie Premios ;
10 |
| Subjects: | |
| Tags: |
Add Tag
No Tags, Be the first to tag this record!
|
| Added to: | 1999-11-29 |
| Changed in: | 2025-05-07 |
MARC
| LEADER | 00000cam a2200000zi 4500 | ||
|---|---|---|---|
| 005 | 20250507134559.0 | ||
| 008 | 000000s1999 esp fp 000 0 spa d | ||
| 020 | |a 8445117335 | ||
| 040 | |a uned |b spa |c entro-manes | ||
| 100 | 1 | |a Rubio Blanco, Beatriz |9 40882 | |
| 245 | 1 | 0 | |a Programa de diversificación para 3º de la ESO : |b el diseño de un jardín / |c Beatriz Rubio Blanco |
| 260 | |a Madrid : |b Comunidad de Madrid, Consejería de Educación, |c 1999 | ||
| 300 | |a 139 p. | ||
| 490 | 0 | |a Materiales curriculares. Serie Premios ; |v 10 | |
| 546 | |a España | ||
| 561 | |5 es-BUNED |3 L.T.M. 1621 |a España. Fondo Manes UNED |k MANES | ||
| 650 | 7 | |a Jardinería |9 40883 |a Manual del docente |9 36315 | |
| 942 | |2 ddc |c BK | ||
| 999 | |c 97809 |d 97809 | ||
| 999 | |c manes:97809 |d 97809 | ||